Statistiques concernant Tous les pays modernes qui ont été sous domination danoise

Cliquez ici pour prendre le quiz!

Statistiques générales

  • Ce quiz a été pris 397 fois
  • Le résultat moyen est 12 sur 13

Réponses sur la Carte

Les réponses sont colorées sur une échelle allant du rouge au vert en fonction du pourcentage des utilisateurs qui les ont devinées à leur premier essai. Vous pouvez retrouver ces pourcentages ci-dessous.
 

Statistiques - réponses

Pays% Correct
Finlande
100%
Islande
100%
Norvège
100%
Royaume-Uni
100%
Suède
100%
Danemark
99%
Estonie
99%
Russie
99%
Allemagne
98%
Lettonie
96%
Inde
92%
Ghana
77%
Etats-Unis
50%

Distribution des résultats

Percentile par nombre de réponses

% des personnes avec chaque résultat

Votre développement - résultats

Vous n’avez pas pris ce quiz